00865 2200301 4500001002100000005001500021035002000036007000300056008004100059020002200100082001400122084001600136100002500152245003700177250003300214300005400247650002300301504003300324264003200357336002100389337003000410338002300440040002200463090002200485850001200507999002200519990002200541INLIS00000000087253120220901111424 a0010-0922000059ta220901s2022 yoia g | ind d a978-623-02-4496-404223a621.3 a621.3 AZR b0 aAzriyenniePengarang10aBahan-bahan listrik /cAzriyenni aCetakan Pertama : April 2022 ax, 137 halaman :btabel, gambar berwarna ;c23 cm 4aListrik, Alat-alat aBibliografi: halaman 136-13731aSleman :bDeepublish,c2022 2rdacontentateks 2rdamediaatanpa perantara 2rdacarrieravolume aYOPDYOGbinderda aCB-D.11 2022-0958 aYOPDYOG aCB-D.11/2022-0958 aCB-D.11/2022-0958